Cudzie jazyky v premenách času II zborník príspevkov z medzinárodnej vedeckej konferencie konanej 20. októbra 2011 [v Bratislave]

Salvato in:
Dettagli Bibliografici
Enti autori: Cudzie jazyky v premenách času II. Medzinárodná vedecká konferencia, Ekonomická univerzita v Bratislave. Fakulta aplikovaných jazykov
Altri autori: Adamcová, Lívia, Breveníková, Daniela, Pupala, Ladislav, Přívarová, Magdaléna, 1955-, Lišková, Danuša
Natura: Libro
Lingua:slovacco
tedesco
inglese
russo
Pubblicazione: Bratislava Vydavateľstvo EKONÓM 2012
Soggetti:
Tags: Aggiungi Tag
Nessun Tag, puoi essere il primo ad aggiungerne!!

MARC

LEADER 00000nlm$a2200000$$$4500
001 0159497
005 20240502072750.2
020 |a 978-80-225-3454-3 
041 0 |a slo 
041 0 |a ger 
041 0 |a eng 
041 0 |a rus 
044 |a SK 
245 1 0 |a Cudzie jazyky v premenách času II  |b zborník príspevkov z medzinárodnej vedeckej konferencie konanej 20. októbra 2011 [v Bratislave]  |c vedecký redaktor Lívia Adamcová, zostavovateľ Daniela Breveníková 
264 1 |a Bratislava  |b Vydavateľstvo EKONÓM  |c 2012 
300 |a 370 s. [24,44 AH] 
610 2 0 |a jazyky cudzie 
610 2 0 |a jazykoveda 
610 2 0 |a didaktika 
610 2 0 |a vyučovanie 
610 2 0 |a vzdelávanie 
610 2 0 |a komunikácia multikultúrna 
610 2 0 |a diplomacia 
700 1 |a Adamcová, Lívia 
700 1 |a Breveníková, Daniela 
700 1 |a Pupala, Ladislav 
700 1 |a Přívarová, Magdaléna, 1955- 
700 1 |a Lišková, Danuša 
110 2 |a Cudzie jazyky v premenách času II. Medzinárodná vedecká konferencia 
710 2 |a Ekonomická univerzita v Bratislave. Fakulta aplikovaných jazykov